00561nam a2200193 a 4500001001300000003000900013005001700022008004100039020002300080082001800103100002000121245009000141260004300231300000900274500003500283505001000318650001900328700002000347nice12345678IN_TiNIC20260116014021.0120809s2011 lona grp 000 0 eng  a9780415677950c69500a320.5484bSTO aStoddart, Brian aLand, Water, Language and Politics in Andhrab Regional Evolution in India Since 1850 aLondon bRoutledge Chapman Hall c2011 a226p aincludes index and biblioraphy2 aIndex aPolitics- A.P.1 aStoddart, Brian